Know Your Tartan Terms (Record no. 84489)

MARC details
000 -LEADER
fixed length control field 00733cab a22002055a 4500
001 - CONTROL NUMBER
control field L157927
008 - FIXED-LENGTH DATA ELEMENTS--GENERAL INFORMATION
fixed length control field 130723e20130713xxk 000 0 eng d
035 ## - SYSTEM CONTROL NUMBER
System control number (Sirsi) u157927
041 0# - LANGUAGE CODE
Language code of text/sound track or separate title eng
100 1# - MAIN ENTRY--PERSONAL NAME
Personal name Nicholson, Kirsty
245 00 - TITLE STATEMENT
Title Know Your Tartan Terms
260 ## - PUBLICATION, DISTRIBUTION, ETC.
Date of publication, distribution, etc. 2013
490 ## - SERIES STATEMENT
Series statement Estates Gazette
Volume/sequential designation (1328) 13 July 2013, 78-79(2)
520 ## - SUMMARY, ETC.
Summary, etc. Mainly for students article explains the key differences between English and Scottish property law. Includes information on examining and reporting on title, negotiating the terms of a lease and agreeing a contract and exchanging or completing a deal.
590 ## - LOCAL NOTE (RLIN)
Local note KA
651 #4 - SUBJECT ADDED ENTRY--GEOGRAPHIC NAME
Geographic name England
651 #4 - SUBJECT ADDED ENTRY--GEOGRAPHIC NAME
Geographic name Scotland
690 ## - LOCAL SUBJECT ADDED ENTRY--TOPICAL TERM (OCLC, RLIN)
Topical term or geographic name as entry element Commercial property
9 (RLIN) 6227
942 ## - ADDED ENTRY ELEMENTS (KOHA)
Suppress in OPAC 0
Holdings
Withdrawn status Lost status Source of classification or shelving scheme Damaged status Not for loan Home library Current library Shelving location Date acquired Total Checkouts Full call number Barcode Date last seen Copy number Price effective from Koha item type
    Dewey Decimal Classification     London London Journal article 23/07/2013   L157927 157927-1001 06/08/2019 1 06/08/2019 Journal article